000 00593nam a2200157 a 4500
001 000025609
005 20200930023920.0
008 110218s1990 gt r 000 0 spa d
040 _aDO-SdBNP
_bspa
_cBNPHU
082 _ann*
_bnn*
245 1 0 _aReforma agraria :
_ben Centro América y el Caribe /
_cPrólogo de Roderico Segura Trujillo.
260 _aGuatemala :
_bUniversidad de San Carlos de Guatemala ;
_bInstituto de Entrenamiento de la Reforma Agraria de la Republica de China,
_c1990.
300 _a517 p. ;
_c21 cm.
700 1 _aSegura Trujillo, Roderico,
_epról.
_952303
049 _aBNGR
999 _c25101
_d25101